000 00306nam a2200133Ia 4500
100 _aMargolis/ Art
942 _cBK
654 _aTrouble
245 _aTrouble Shooting & Repairng the new Personal computers
260 _bBPB Publications
_aNew Delhi
300 _a401
546 _aENGLISH
999 _c27061
_d27061